'Santa Claus Is Coming to Town' Lyrics Quiz Stats

 Plays Quiz Updated Dec 22, 2016

Support Sporcle.
Go Orange.
Score 0/89 Timer 04:00
2 Plays Today
% Correct
Santa
98.8%
Santa
98.8%
Santa
98.8%
is
98.6%
is
98.6%
is
98.6%
to
98.5%
to
98.5%
to
98.5%
coming
98.4%
Claus
98.4%
Claus
98.4%
coming
98.4%
Claus
98.4%
coming
98.4%
town
98.4%
town
98.4%
town
98.4%
You
97.5%
You
97.5%
you
97.5%
you
97.5%
You
97.5%
You
97.5%
you
97.5%
be
97%
better
95.5%
better
95.5%
Better
95.5%
better
95.5%
% Correct
better
95.5%
Better
95.5%
He
95.2%
He
95.2%
He
95.2%
a
95.1%
not
94.6%
not
94.6%
not
94.6%
not
94.6%
cry
93%
cry
93%
out
92.8%
out
92.8%
out
92.8%
why
92.1%
why
92.1%
when
91.9%
when
91.9%
telling
91.8%
telling
91.8%
or
91.6%
or
91.6%
I'm
91.5%
I'm
91.5%
knows
91.4%
knows
91.4%
watch
91.2%
watch
91.2%
good
91.1%
% Correct
good
91.1%
sleeping
90.2%
you're
89.6%
you're
89.6%
awake
89.5%
bad
89.4%
for
89.3%
So
88.8%
sake
88.6%
goodness
88.5%
been
88.2%
you've
87.2%
if
87.2%
sees
87.1%
pout
85.7%
pout
85.7%
it
77.9%
nice
77.1%
naughty
76.9%
And
76.8%
He's
76.8%
He's
76.8%
list
76.4%
twice
76%
checking
75.7%
making
75.3%
find
74.4%
who's
73.5%
gonna
73%

You're not logged in!

Compare scores with friends on all Sporcle quizzes.
OR
Log In

From the Vault

Band Name Pictograms II

by metakoopa99

Here at Sporcle HQ, we like to take things very literally.
Remove Ads.
Support Sporcle.
Get the best of Sporcle when you Go Orange. This ad-free experience offers more features, more stats, and more fun while also helping to support Sporcle. Thank you for becoming a member.

Show Comments

Extras

Top Quizzes Today


Score Distribution

Your Account Isn't Verified!

In order to create a playlist on Sporcle, you need to verify the email address you used during registration. Go to your Sporcle Settings to finish the process.

Report this User

Report this user for behavior that violates our Community Guidelines.

Details: